000 00317nam a2200109Ia 4500
008 220204s9999 xx 000 0 und d
082 _a082
_bCOM
100 _aCompton-Rickett, Arthur
245 0 _aHistory of english literature: From earliest times to 1916
260 _aDelhi
_bUniversal Book Stall
_c1978
942 _cBK
999 _c32078
_d32078